<?xml version="1.0" encoding="UTF-8"?>
<record
    xmlns:xsi="http://www.w3.org/2001/XMLSchema-instance"
    xsi:schemaLocation="http://www.loc.gov/MARC21/slim http://www.loc.gov/standards/marcxml/schema/MARC21slim.xsd"
    xmlns="http://www.loc.gov/MARC21/slim">

  <leader>00522nam a22002057a 4500</leader>
  <controlfield tag="005">20260420104544.0</controlfield>
  <controlfield tag="008">260420b        |||||||| |||| 00| 0 eng d</controlfield>
  <datafield tag="020" ind1=" " ind2=" ">
    <subfield code="a">978-1119971917</subfield>
  </datafield>
  <datafield tag="082" ind1=" " ind2=" ">
    <subfield code="a">332.015</subfield>
    <subfield code="b">AIC-W</subfield>
  </datafield>
  <datafield tag="100" ind1=" " ind2=" ">
    <subfield code="a">Aichinger, Michael </subfield>
  </datafield>
  <datafield tag="245" ind1=" " ind2=" ">
    <subfield code="a">A Workout in Computational Finance</subfield>
  </datafield>
  <datafield tag="260" ind1=" " ind2=" ">
    <subfield code="a">UK,</subfield>
    <subfield code="b">Wiley</subfield>
    <subfield code="c">2013</subfield>
  </datafield>
  <datafield tag="300" ind1=" " ind2=" ">
    <subfield code="a">320 p.</subfield>
  </datafield>
  <datafield tag="490" ind1=" " ind2=" ">
    <subfield code="a">Wiley Finance Series</subfield>
  </datafield>
  <datafield tag="500" ind1=" " ind2=" ">
    <subfield code="a">Includes Index.</subfield>
  </datafield>
  <datafield tag="650" ind1=" " ind2=" ">
    <subfield code="a">Business Finance</subfield>
  </datafield>
  <datafield tag="650" ind1=" " ind2=" ">
    <subfield code="a">Economics</subfield>
  </datafield>
  <datafield tag="700" ind1=" " ind2=" ">
    <subfield code="a"> Andreas Binder </subfield>
  </datafield>
  <datafield tag="942" ind1=" " ind2=" ">
    <subfield code="c">BK</subfield>
  </datafield>
  <datafield tag="999" ind1=" " ind2=" ">
    <subfield code="c">47330</subfield>
    <subfield code="d">47330</subfield>
  </datafield>
  <datafield tag="952" ind1=" " ind2=" ">
    <subfield code="0">0</subfield>
    <subfield code="w">2026-04-20</subfield>
    <subfield code="1">0</subfield>
    <subfield code="4">0</subfield>
    <subfield code="7">0</subfield>
    <subfield code="8">Economics</subfield>
    <subfield code="a">AUKC</subfield>
    <subfield code="b">AUKC</subfield>
    <subfield code="c">Finance</subfield>
    <subfield code="d">2026-04-09</subfield>
    <subfield code="e">Ali Book Service</subfield>
    <subfield code="g">1862.00</subfield>
    <subfield code="i">KA/10221</subfield>
    <subfield code="l">0</subfield>
    <subfield code="o">332.015 AIC-W</subfield>
    <subfield code="p">AUKHP0570</subfield>
    <subfield code="r">2026-04-20 10:47:07</subfield>
    <subfield code="y">BK</subfield>
  </datafield>
</record>
